Depoliticizing Development : The World Bank and Social Capital /

Kaydedildi:
Detaylı Bibliyografya
Yazar: Harriss, John (autor)
Materyal Türü: Kitap
Dil:İngilizce
Baskı/Yayın Bilgisi: Londres, Inglaterra : Anthem, 2002, c2001
Konular:
Etiketler: Etiketle
Etiket eklenmemiş, İlk siz ekleyin!

MARC

LEADER 00000nam^a2200000^a^4500
001 000275717
005 20250521000000.0
009 20260310111239.249
020 |a 1-84331-049-X 
037 |a Acervo ITESO - Biblioteca 
041 |a ING 
082 |a 338. 91  |b HAR 
100 |a Harriss, John  |e (autor) 
245 1 0 |a Depoliticizing Development :  |b The World Bank and Social Capital /  |c J. Harriss. 
264 4 |a Londres, Inglaterra :  |b Anthem,  |c 2002, c2001 
300 |a 149 p. 
336 |a texto  |b txt  |2 rdacontenido 
337 |a sin mediación  |b n  |2 rdamedio 
338 |a volumen  |b nc  |2 rdasoporte 
649 |a XX 
650 |a Capital Social (Ciencias Sociales) -  |x Tema Principal 
650 |a Banco Mundial -  |x Tema Principal 
650 |a Desarrollo Económico-Social 
650 |a Bancos y Operaciones Bancarias 
650 |a Economía del Bienestar 
650 |a Economía Internacional 
910 |a Fondo General 
920 |a Impresos - Libros 
930 |a Colección General 
905 |a 101 
901 |a 0500160730  |b IT1  |c ACC  |u 20250521 
902 |a https://opac.biblio.iteso.mx/vufind/Record/000275717